000 00629nam a2200193Ia 4500
001 2975
003 GE_BSU
008 181216s||||||||xx |||||||||||||| ||und||
040 _cGE_BSU
080 _a541+543(03)
245 _aСправочник химика. Том четвертый: аналитическая химия, спектральный анализ показатели преломления.
245 _cГл.ред. Б.П.Никольский.
260 _aМ.
260 _bХимия.
260 _c1967.
300 _a920 стр. 22 см.
653 _aСправочник химика.
942 _cBK
999 _c37021
_d37021